|
|
|
|
| LEADER |
00000cam a2200000 7i4500 |
| 001 |
0000006799 |
| 002 |
000007325 |
| 005 |
20090504.0 |
| 020 |
|
|
|a 9676530557
|
| 090 |
0 |
0 |
|a 327.410598
|b LEE
|
| 100 |
0 |
|
|a Lee Kam Hing
|
| 245 |
1 |
4 |
|a The Sultanate of Aceh :
|b relations with the British 1760-1824
|c Lee Kam Hing
|
| 260 |
|
|
|a Kuala Lumpur :
|b Oxford University Press ,
|c 1995
|
| 300 |
|
|
|a 349p. ;
|c 22cm.
|
| 650 |
0 |
0 |
|a Great Britain
|x Foreign relations
|z Aceh(Indonesia)
|
| 651 |
|
0 |
|a Aceh (Indonesia)
|x Foreign relations
|z Great Britain
|
| 651 |
|
0 |
|a Great Britain
|x Foreign relations
|y 1760-1820
|
| 999 |
|
|
|a 040730
|b BUKU
|c PINJAMAN
|e PERPUSTAKAAN KOMUNITI PETALING JAYA
|